Statistics for State by Most Famous Company

Click here to take the quiz!

General Stats

  • This quiz has been taken 36 times
  • The average score is 15 of 50

Answer Stats

Brand State % Correct
StarbucksWashington
88%
General MotorsMichigan
88%
Hawaiian AirlinesHawaii
88%
AppleCalifornia
80%
Ben & Jerry'sVermont
80%
Hershey'sPennsylvania
76%
WalmartArkansas
64%
Coca ColaGeorgia
64%
CoorsColorado
60%
NikeOregon
60%
Wendy'sOhio
40%
Dr PepperTexas
40%
Best WesternArizona
36%
VerizonNew York
36%
LL BeanMaine
36%
TabascoLouisiana
36%
HootersFlorida
32%
Anheuser BuschMissouri
32%
AlbertsonsIdaho
28%
FedExTennessee
28%
Harley DavidsonWisconsin
28%
Du PontDelaware
24%
Bank of AmericaNorth Carolina
24%
Zappos.comNevada
20%
AolVirginia
20%
General ElectricConnecticut
20%
Cabela'sNebraska
20%
GilletteMassachusetts
20%
Allsup'sNew Mexico
20%
CumminsIndiana
16%
TimberlandNew Hampshire
16%
SaksAlabama
16%
Gino'sWest Virginia
12%
PillsburyMinnesota
12%
GeicoMaryland
12%
CaterpillarIllinois
12%
SinclairUtah
12%
LexmarkKentucky
12%
HasbroRhode Island
12%
SonicOklahoma
12%
Great HarvestMontana
12%
BobcatNorth Dakota
12%
CarrsAlaska
12%
Denny'sSouth Carolina
8%
MaytagIowa
8%
GarminKansas
8%
Campbell'sNew Jersey
8%
Super 8South Dakota
4%
PeaveyMississippi
4%
Taco John'sWyoming
4%

Score Distribution

Percentile by Number Answered

Percent of People with Each Score

Your Score History

You have not taken this quiz